Diseño de un sistema de gestión de la calidad para la Dirección de Admisibilidad en la Defensoría de los Habitantes
Guardado en:
| Hovedforfatter: | |
|---|---|
| Andre forfattere: | |
| Format: | Bog |
| Udgivet: |
[San José, Costa Rica]
2004
|
| Fag: | |
| Tags: |
Tilføj Tag
Ingen Tags, Vær først til at tagge denne postø!
|
MARC
| LEADER | 00000nam a2200000Ia 4500 | ||
|---|---|---|---|
| 003 | 009650 | ||
| 005 | 20221231144125.0 | ||
| 008 | 140114s2005 cr a 000 ||s d | ||
| 040 | |c cru CEDI | ||
| 090 | |a TFG 5184 | ||
| 100 | |a Blanco Uhlenhaut, Javier |9 5761 | ||
| 245 | |a Diseño de un sistema de gestión de la calidad para la Dirección de Admisibilidad en la Defensoría de los Habitantes | ||
| 260 | |c 2004 |a [San José, Costa Rica] | ||
| 300 | |a xiii, 228, [93] hojas : ilustraciones (algunas a color) | ||
| 500 | |a Proyecto de graduación (licenciatura en ingeniería industrial)--Universidad de Costa Rica. Facultad de Ingeniería. Escuela de Ingeniería Industrial | ||
| 650 | |x kCOSTA RICA. DEFENSORIA DE LOS HABITANTES |x CONTROL DE CALIDAD |x CALIDAD DEL SERVICIO |x SERVICIO AL CLIENTE |x DISEÑO DE SISTEMAS |9 5763 | ||
| 700 | |9 5762 |a Chaves Hernández, Esteban | ||
| 942 | |c TFG | ||
| 999 | |c 17239 |d 17239 | ||
